000 01864nam a2200253 a 4500
001 000000315
005 20240418073804.0
008 081112s2002 dr a r 001 0 spa d
020 _a8495193019
020 _a9788495193018
040 _aDO-SdBNP
_bspa
_cBNPHU
082 _a301
_bD663i, 2002
100 1 _aD'Oleo Ramírez, Frank.
_91060
245 1 0 _aIntroducción a la sociología :
_bteoría y práctica aplicada a la sociedad dominicana /
_cFrank D'Oleo ; prólogo Danilo P. Climé.
250 _a3a ed.
260 _aSanto Domingo :
_bLetra Gráfica,
_c2002.
300 _a253 p. :
_bil. ;
_c21 cm.
505 0 _tPrólogo -
_tIntroducción --
_gPrimera parte --
_tSociología: raíces, objeto y carácter científico --
_tEl origen de la sociología --
_tLos padres fundadores de la sociología --
_tObjeto de estudio de la sociología --
_tLa ciencia y la sociología --
_gSegunda parte --
_tTeorías sociológicas y método de investigación social --
_tLa teoría funcionalista de la sociología --
_tLa teoría marxista de la sociología --
_tLa teoría positivista de la sociología y la objetividad de las ciencias sociales
_tLa teoría sociológica del consenso y del conflicto social --
_tMétodos de investigación sociológica --
_gTercera parte --
_tLa sociología: estructura, dinámica, socialización e interacción social aplicada --
_tEl proceso de socialización y la personalidad --
_tLa cultura --
_tLas instituciones sociales --
_tLas agrupaciones sociales --
_tModos de producción: evolución histórica y caracterización económico-social --
_tClases sociales y estratificación social --
_tDesigualdad social y pobreza --
_tGlosario --
_tBibliografía.
590 _aInventariado, 2018/VM
650 0 _aSociología
_91061
650 0 _aClases sociales
_91062
700 1 _aClimé, Danilo P.
_epról.
_91063
910 _aValidado. Control de calidad. MMOLINA
999 _c314
_d314